| 000 -LEADER |
| fixed length control field |
00905nam a22001937a 4500 |
| 003 - CONTROL NUMBER IDENTIFIER |
| control field |
OSt |
| 005 - DATE AND TIME OF LATEST TRANSACTION |
| control field |
20240228103925.0 |
| 008 - FIXED-LENGTH DATA ELEMENTS--GENERAL INFORMATION |
| fixed length control field |
240228b ||||| |||| 00| 0 eng d |
| 020 ## - INTERNATIONAL STANDARD BOOK NUMBER |
| International Standard Book Number |
9787532158768 |
| 040 ## - CATALOGING SOURCE |
| Transcribing agency |
KH8 |
| 082 ## - DEWEY DECIMAL CLASSIFICATION NUMBER |
| Classification number |
400 ANY |
| 100 ## - MAIN ENTRY--PERSONAL NAME |
| Personal name |
Anyi, Wang, |
| Relator term |
author. |
| 245 ## - TITLE STATEMENT |
| Title |
The Terminal of the Train/ |
| Statement of responsibility, etc. |
Wang Anyi. |
| 260 ## - PUBLICATION, DISTRIBUTION, ETC. |
| Place of publication, distribution, etc. |
Shanghai; |
| Name of publisher, distributor, etc. |
Shanghai literature and Art Publishing House, |
| Date of publication, distribution, etc. |
2015. |
| 300 ## - PHYSICAL DESCRIPTION |
| Extent |
305 pages. |
| 520 ## - SUMMARY, ETC. |
| Summary, etc. |
This book includes 14 early short stories written by Wang Anyi, such as the Terminal of the Train, Wall Footing, the Mediocre and Ordinary People, Wild Chrysanthemum, the Denominator and Stopping for Four Minutes. Wang Anyi's early short stories find the way out for her accumulated experiences and emotions and the important characteristic is showing the historical time in personal life. |
| 650 ## - SUBJECT ADDED ENTRY--TOPICAL TERM |
| Topical term or geographic name entry element |
Chinese language |
| Form subdivision |
Foreign language |
| 942 ## - ADDED ENTRY ELEMENTS (KOHA) |
| Source of classification or shelving scheme |
|
| Koha item type |
Teaching Resources |